000 00332cam a22001217a 4500
008 180718b1989 xxu||||| |||| 00| 0 eng d
082 _aT000x54 G959s
100 _aGupat, S.C.
245 _aSociology of planning in India
_cby S.C. Gupta
260 _aNew Delhi
_bCrown
_c1989
300 _a187p.
650 _aEconomic planning - India
999 _c345363
_d345363